00739nam a2200157 i 450000100060000000300090000600700030001500800410001811101070005924501400016626000750030630000300038185200320041199900170044395201210046084817ES-MaACLt|041124s1983 sp ||||1| spa d2 aJornadas Conmemorativas del VII Centenario de la Muerte de Alfonso X El Sabio (d1983. cCádiz)977610aCádiz en el siglo XIII b: actas de las jornadas conmemorativas del VII Centenario de la muerte de Alfonso X El Sabio, Cádiz, 1983. aCádiz : bUniversidad de Cádiz, Servicio de Publicaciones, c1983. a207 p. : bil. ; c24 cm. aES-MaACLjL-6277 bR.106796 c84817d84817 00104070aATENEOMbATENEOMcDEPO2d2008-01-17eSCl0oL-6277p1088638r2023-02-23 00:00:00w2023-02-23yMONOGRAFIA